Jak překonávat deprese /

Hlavní autor: Mundy, Linus
Další autoři: Alley, R. W., 1955-
Jazyk: Čeština
Vydáno: Praha : Doron, c2003
Vydání: 1. vyd.
Témata:
Externí odkaz: Digitalizovaný dokument
Fyzický popis: [80] s. : il. ; 15 cm
Knihy
Uloženo v:
LEADER 01339nam a2200373 a 4500
001 000691284
003 CZ BrMZK
005 20050607072011.0
007 ta
008 031009s2003 xr a g f 000 0 cze d
015 |a cnb001287225 
020 |a 80-7297-034-8  |q (brož.) 
035 |a (OCoLC)85077758 
040 |a BOA001  |b cze 
041 1 |a cze  |h eng 
072 7 |a 616.89  |x Psychiatrie  |2 Konspekt  |9 14 
080 |a 616.895.4  |2 MRF 
080 |a 17.02  |2 MRF 
080 |a (0.062)  |2 MRF 
100 1 |a Mundy, Linus  |7 xx0022146  |4 aut 
245 1 0 |a Jak překonávat deprese /  |c napsal Linus Mundy ; ilustroval R.W. Alley ; [překlad Alžběta Sirovátková] 
250 |a 1. vyd. 
260 |a Praha :  |b Doron,  |c c2003 
300 |a [80] s. :  |b il. ;  |c 15 cm 
500 |a Překlad z angličtiny 
650 0 7 |a deprese  |7 ph119384  |2 czenas 
650 0 7 |a životní harmonie  |7 ph138147  |2 czenas 
655 7 |a populárně-naučné publikace  |7 fd131864  |2 czenas 
700 1 |a Alley, R. W.,  |d 1955-  |7 xx0022147  |4 ill 
765 0 |t Elf-help for overcoming depression  |9 Česky 
856 4 1 |u http://www.digitalniknihovna.cz/mzk/uuid/uuid:c250db30-e1a1-11e3-b110-005056827e51  |y Digitalizovaný dokument  |x NDK 
910 |a BOA001  |b 1-1124.162 
990 |a BK 
996 6 |b 2610200275  |c 1-1124.162  |l MZK  |r Sklad / do 1 hodiny  |n 10  |p p.v.  |w 000691284  |u 000010  |a 1  |e BOA001  |j MZK50  |s P